000 00699nam a2200241 i 4500
001 100985
003 ES-MaACL
005 20250804062645.0
007 t|
008 051010q1945 sp ||||1| spa d
100 1 _aMaugham, W. Somerset.
_979192
245 1 0 _aExtremo Oriente /
_cW. Somerset Maugham; traducción de José Romero de Tejada.
250 _a2ª ed.
260 _aBarcelona :
_bLara,
_c[1945?]
300 _a218 p. ;
_c20 cm.
490 1 _aNovelas inglesas
655 0 _aNovelas
_9234319
700 1 _aRomero de Tejada, J.
_999376
830 0 _aNovelas inglesas
_9184583
852 _aES-MaACL
_jB-10042
_bR.21580
942 _2udc
999 _c100985
_d100985